ბათუმის შოთა რუსთაველის სახელმწიფო უნივერსიტეტის ბიბლიოთეკა

Экономическое развитие=Economic : (ბიბ.ჩანაწერი № 37267)

000 -LEADER
fixed length control field 01149nam a2200253Ia 4500
001 - CONTROL NUMBER
control field 3226
003 - CONTROL NUMBER IDENTIFIER
control field GE_BSU
005 - DATE AND TIME OF LATEST TRANSACTION
control field 20221102111307.0
008 - FIXED-LENGTH DATA ELEMENTS--GENERAL INFORMATION
fixed length control field 181216s1997ru xx |||||||||||||| ||rus||
020 ## - INTERNATIONAL STANDARD BOOK NUMBER
International Standard Book Number 0582231604; 5851730633
040 ## - CATALOGING SOURCE
Transcribing agency GE_BSU
041 ## - LANGUAGE CODE
Language code of text/sound track or separate title rus
Language code of original eng
082 ## - DEWEY DECIMAL CLASSIFICATION NUMBER
Edition number 338(075.8) Т-50
100 ## - MAIN ENTRY--PERSONAL NAME
Personal name Тодаро, М.П.
9 (RLIN) 15721
245 ## - TITLE STATEMENT
Title Экономическое развитие=Economic :
Remainder of title Devlopment Учебник /
Statement of responsibility, etc. М.П. Тодаро,Пер.с англ.под. ред. С.М. Яковлева, Л. З Зевина, Гл. ред изд.Н.Д..Эриашвили
264 ## - PRODUCTION, PUBLICATION, DISTRIBUTION, MANUFACTURE, AND COPYRIGHT NOTICE
Place of production, publication, distribution, manufacture Москва :
Name of producer, publisher, distributor, manufacturer Экеономическии факультет МГУ, ЮНИТИ,
Date of production, publication, distribution, manufacture, or copyright notice 1997.
300 ## - PHYSICAL DESCRIPTION
Extent 671 ст.:
Other physical details 26 см.
653 ## - INDEX TERM--UNCONTROLLED
keyword Экономическое развитие
653 ## - INDEX TERM--UNCONTROLLED
keyword Ეკონომიკური განვითარება
700 ## - ADDED ENTRY--PERSONAL NAME
Personal name Яковлева, С.М.
Relator term რედაქტორი
9 (RLIN) 15722
700 ## - ADDED ENTRY--PERSONAL NAME
Personal name Зевина, Л. З
Relator term რედაქტორი
9 (RLIN) 15723
700 ## - ADDED ENTRY--PERSONAL NAME
Personal name Эриашвили, Н.Д.
Relator term მთავარი რედაქტორი
9 (RLIN) 6779
942 ## - ADDED ENTRY ELEMENTS (KOHA)
Koha item type წიგნი
Source of classification or shelving scheme
ეგზემპლარები
Withdrawn status Lost status Source of classification or shelving scheme Damaged status Not for loan Permanent Location Current Location Shelving location Date acquired Cost, normal purchase price Barcode Date last seen Copy number Price effective from Koha item type Public note
          ბათუმის შოთა რუსთაველის სახელმწიფო უნივერსიტეტის მთავარი ბიბლიოთეკა ბათუმის შოთა რუსთაველის სახელმწიფო უნივერსიტეტის მთავარი ბიბლიოთეკა წიგნსაცავი 2018-12-17 29.00 7809 2018-12-17 7809 2018-12-17 წიგნი 29ლ. 15თ.
          ბათუმის შოთა რუსთაველის სახელმწიფო უნივერსიტეტის მთავარი ბიბლიოთეკა ბათუმის შოთა რუსთაველის სახელმწიფო უნივერსიტეტის მთავარი ბიბლიოთეკა წიგნსაცავი 2018-12-17 29.00 7810 2018-12-17 7810 2018-12-17 წიგნი 29ლ.15თ.